NCAA Football All Time Wins - Statistics

General Stats
  • This quiz has been taken 39 times
  • The average score is 12 of 15
Answer Stats
Wins Team % Correct
965 Alabama
100%
948 Texas
94%
1004 Michigan
91%
964 Ohio State
91%
881 Georgia
85%
948 Notre Dame
85%
944 Oklahoma
85%
875 USC
85%
878 Penn
79%
917 Nebraska
76%
930 Penn State
73%
865 Tennessee
67%
901 Harvard
58%
936 Yale
58%
862 Princeton
48%
No matching quizzes found
Score Distribution
Percent of People with Each Score
Percentile by Number Answered
Your Score History
You have not taken this quiz